[Event "LXII C.to Italiano"]
[Site "Montecatini Terme ITA"]
[Date "2002.11.21"]
[Round "2"]
[White "Lanzani, Mario"]
[Black "Mantovani, Renzo"]
[Result "1/2-1/2"]
[WhiteElo "2350"]
[BlackElo "2359"]
[PlyCount "27"]
[EventDate "2002.11.20"]

1. d4 d5 2. c4 c6 3. cxd5 cxd5 4. Nc3 Nf6 5. Bf4 Nc6 6. e3 e6 7. Bd3 Bd6 8.
Bxd6 Qxd6 9. Nf3 O-O 10. O-O Bd7 11. a3 Rfc8 12. Rc1 g6 13. b4 Kg7 14. h3
1/2-1/2

[Event "LXII C.to Italiano"]
[Site "Montecatini Terme ITA"]
[Date "2002.11.21"]
[Round "2"]
[White "Manca, Federico"]
[Black "Genocchio, Daniele"]
[Result "1/2-1/2"]
[WhiteElo "2349"]
[BlackElo "2345"]
[PlyCount "37"]
[EventDate "2002.11.20"]

1. e4 e5 2. Nf3 Nc6 3. Bb5 a6 4. Ba4 Nf6 5. O-O Be7 6. Re1 b5 7. Bb3 d6 8. c3
O-O 9. h3 Re8 10. d4 Bb7 11. Nbd2 h6 12. a4 Bf8 13. Bc2 exd4 14. cxd4 Nb4 15.
Bb1 c5 16. d5 Nd7 17. Ra3 f5 18. Nh2 Nf6 19. exf5 1/2-1/2

[Event "LXII C.to Italiano"]
[Site "Montecatini Terme ITA"]
[Date "2002.11.21"]
[Round "2"]
[White "Vezzosi, Paolo"]
[Black "Collutiis, Duilio"]
[Result "0-1"]
[WhiteElo "2394"]
[BlackElo "2332"]
[PlyCount "70"]
[EventDate "2002.11.20"]

1. d4 Nf6 2. Nf3 c5 3. d5 d6 4. c4 b5 5. cxb5 a6 6. e3 g6 7. Nc3 Bg7 8. Bd2 O-O
9. a4 Bb7 10. Bc4 Nbd7 11. O-O axb5 12. axb5 Nb6 13. Qb3 Qc8 14. e4 Nxc4 15.
Qxc4 e6 16. dxe6 fxe6 17. e5 d5 18. Qh4 Nh5 19. Rac1 Qe8 20. Rfe1 h6 21. Na4
Rf4 22. Bxf4 Rxa4 23. g3 g5 24. Qh3 Nxf4 25. gxf4 Rxf4 26. Rxc5 g4 27. Qg3 Rxf3
28. Qxg4 Rf5 29. h4 Qf7 30. Rc3 Rf4 31. Qh3 d4 32. Rg3 Bf3 33. Kh2 Be4 34. f3
Bf5 35. Qg2 d3 0-1

[Event "LXII C.to Italiano"]
[Site "Montecatini Terme ITA"]
[Date "2002.11.22"]
[Round "3"]
[White "Bellia, Fabrizio"]
[Black "Vezzosi, Paolo"]
[Result "0-1"]
[WhiteElo "2410"]
[BlackElo "2394"]
[PlyCount "75"]
[EventDate "2002.11.20"]

1. e4 c6 2. d4 d5 3. e5 g6 4. Nf3 Nh6 5. Be2 Bg7 6. O-O O-O 7. c4 Bg4 8. Nbd2
dxc4 9. Bxc4 Nd7 10. h3 Bxf3 11. Nxf3 Nb6 12. Bb3 Nd5 13. Bd2 f6 14. Qc1 Nf7
15. e6 Nd6 16. Re1 f5 17. Ne5 Ne4 18. Bh6 Qb6 19. Bxg7 Kxg7 20. Qd1 Rfd8 21.
Nf7 Nb4 22. Nxd8 Rxd8 23. Qe2 Qxd4 24. Rad1 Nd3 25. Qe3 Nexf2 26. Qxd4+ Rxd4
27. Rd2 Nxh3+ 28. Kh2 Nhf2 29. Ree2 Ng4+ 30. Kh1 c5 31. g3 Kf6 32. Bc2 c4 33.
b3 b5 34. bxc4 bxc4 35. Bxd3 cxd3 36. Re1 Ne5 37. Rb1 Nc4 38. Rdd1 0-1

[Event "LXII C.to Italiano"]
[Site "Montecatini Terme ITA"]
[Date "2002.11.22"]
[Round "3"]
[White "Belotti, Bruno"]
[Black "De Santis, Alessio"]
[Result "1-0"]
[WhiteElo "2419"]
[BlackElo "2267"]
[PlyCount "99"]
[EventDate "2002.11.20"]

1. c4 f5 2. g3 Nf6 3. Bg2 g6 4. Nc3 Bg7 5. d3 d6 6. e4 Nc6 7. Nge2 e5 8. O-O
O-O 9. exf5 Bxf5 10. h3 Qd7 11. Kh2 Rae8 12. Be3 Be6 13. Nd5 Nd4 14. Nxd4 Bxd5
15. cxd5 exd4 16. Bg5 h6 17. Bxf6 Rxf6 18. Rc1 Re7 19. Be4 h5 20. h4 Ref7 21.
f4 Bh6 22. Bg2 Qd8 23. Rc2 Re7 24. Re1 Re3 25. Rxe3 dxe3 26. Qe2 Qe7 27. Rc4
Bg7 28. Re4 Qd7 29. Qxe3 Qb5 30. b3 Qa5 31. Ra4 Qc3 32. Rc4 Qa5 33. b4 Qb6 34.
Qxb6 cxb6 35. Bh3 Rf8 36. Rc7 a5 37. bxa5 bxa5 38. Rd7 b5 39. Rxd6 Rb8 40. Ra6
Bc3 41. Rxg6+ Kf8 42. d6 Kf7 43. Rh6 b4 44. Be6+ Kg7 45. Rxh5 a4 46. d7 Bf6 47.
Rc5 b3 48. axb3 axb3 49. Rc8 Rb6 50. Bxb3 1-0

[Event "LXII C.to Italiano"]
[Site "Montecatini Terme ITA"]
[Date "2002.11.22"]
[Round "3"]
[White "Collutiis, Duilio"]
[Black "Braga, Fernando Alberto"]
[Result "0-1"]
[WhiteElo "2332"]
[BlackElo "2434"]
[PlyCount "52"]
[EventDate "2002.11.20"]

1. e4 d5 2. exd5 Qxd5 3. Nf3 Nc6 4. d4 Bg4 5. Be2 O-O-O 6. c4 Qf5 7. Be3 Nf6 8.
Qb3 e5 9. d5 Bxf3 10. Bxf3 Nb4 11. O-O Nc2 12. d6 c6 13. Qa4 Bxd6 14. Bxc6 Nxe3
15. fxe3 Qd3 16. Qxa7 bxc6 17. Nc3 Bb8 18. Qa6+ Kc7 19. Nb5+ cxb5 20. Qa5+ Kd6
21. Rad1 bxc4 22. Rxd3+ cxd3 23. Qa3+ Ke6 24. Qb3+ Ke7 25. Qa3+ Rd6 26. e4 Rc8
0-1

[Event "LXII C.to Italiano"]
[Site "Montecatini Terme ITA"]
[Date "2002.11.22"]
[Round "3"]
[White "Di Paolo, Raffaele"]
[Black "Manca, Federico"]
[Result "1/2-1/2"]
[WhiteElo "2340"]
[BlackElo "2349"]
[PlyCount "115"]
[EventDate "2002.11.20"]

1. e4 e5 2. Nf3 Nf6 3. Nxe5 d6 4. Nf3 Nxe4 5. d4 d5 6. Bd3 Nc6 7. O-O Be7 8. c4
Nb4 9. cxd5 Nxd3 10. Qxd3 Qxd5 11. Re1 Bf5 12. Nc3 Nxc3 13. Qxc3 Be6 14. Re5
Qd7 15. d5 Bxd5 16. Nd4 Be6 17. Bg5 O-O 18. Rae1 Bd6 19. R5e3 Rae8 20. Nxe6
Rxe6 21. Rxe6 fxe6 22. Qb3 Bc5 23. Bh4 Qd5 24. Rxe6 Qxb3 25. axb3 Kf7 26. Re5
Bd6 27. Re2 Re8 28. Rxe8 Kxe8 29. Bg3 Bxg3 30. hxg3 Ke7 31. f4 Kd6 32. Kf2 a5
33. g4 h6 34. Ke3 Kd5 35. Kd3 b5 36. Ke3 c5 37. Kd3 c4+ 38. bxc4+ bxc4+ 39. Kc3
Kc5 40. g5 hxg5 41. fxg5 g6 42. Kd2 Kb4 43. Kc2 a4 44. g3 Kb5 45. Kd2 Kc6 46.
Kc3 Kc5 47. Kd2 Kd4 48. Kc2 c3 49. bxc3+ Kc4 50. Kb2 a3+ 51. Kxa3 Kxc3 52. Ka2
Kd3 53. Kb2 Ke3 54. Kc3 Kf3 55. Kd3 Kxg3 56. Ke3 Kg4 57. Kf2 Kxg5 58. Kg3
1/2-1/2

[Event "LXII C.to Italiano"]
[Site "Montecatini Terme ITA"]
[Date "2002.11.22"]
[Round "3"]
[White "Genocchio, Daniele"]
[Black "Lanzani, Mario"]
[Result "0-1"]
[WhiteElo "2345"]
[BlackElo "2350"]
[PlyCount "64"]
[EventDate "2002.11.20"]

1. e4 c6 2. d4 d5 3. Nc3 dxe4 4. Nxe4 Nf6 5. Nxf6+ exf6 6. Bc4 Qe7+ 7. Qe2 Bg4
8. Qxe7+ Bxe7 9. h3 Bf5 10. Bb3 a5 11. a4 Nd7 12. Ne2 Be6 13. Bxe6 fxe6 14. O-O
Kf7 15. Rd1 Nb6 16. b3 Nd5 17. Bb2 g5 18. Rd3 Nb4 19. Rd2 h5 20. f4 g4 21. f5
exf5 22. h4 Bf8 23. Ng3 Bh6 24. Re2 Rhe8 25. Rxe8 Rxe8 26. Nxf5 Bf8 27. Rf1 Re2
28. d5 Nxd5 29. Rf2 Re1+ 30. Kh2 Bc5 31. Rd2 Kg6 32. c4 Kxf5 0-1

[Event "LXII C.to Italiano"]
[Site "Montecatini Terme ITA"]
[Date "2002.11.23"]
[Round "4"]
[White "Braga, Fernando Alberto"]
[Black "Bellia, Fabrizio"]
[Result "1/2-1/2"]
[WhiteElo "2434"]
[BlackElo "2410"]
[PlyCount "40"]
[EventDate "2002.11.20"]

1. d4 d5 2. c4 e6 3. Nf3 Nf6 4. Nc3 Be7 5. Bg5 O-O 6. e3 Nbd7 7. Rc1 c6 8. Bd3
dxc4 9. Bxc4 Nd5 10. Bxe7 Qxe7 11. Ne4 Qb4+ 12. Qd2 Qxd2+ 13. Kxd2 N7f6 14.
Nxf6+ Nxf6 15. Rhd1 Rd8 16. Ke2 Bd7 17. Ne5 Be8 18. f3 Kf8 19. a3 Ke7 20. Ba2
Nd7 1/2-1/2

[Event "LXII C.to Italiano"]
[Site "Montecatini Terme ITA"]
[Date "2002.11.23"]
[Round "4"]
[White "Buchicchio, Giampaolo"]
[Black "Genocchio, Daniele"]
[Result "1/2-1/2"]
[WhiteElo "2245"]
[BlackElo "2345"]
[PlyCount "96"]
[EventDate "2002.11.20"]

1. e4 e5 2. Nf3 Nc6 3. d4 exd4 4. Nxd4 g6 5. Nc3 Bg7 6. Be3 Nge7 7. h4 h5 8.
Nxc6 bxc6 9. Bd4 f6 10. Bc4 d6 11. Qd3 Bd7 12. Ne2 d5 13. Bb3 a5 14. a4 Be6 15.
Qc3 O-O 16. Nf4 Bf7 17. Rd1 Qd6 18. g3 Qb4 19. Qxb4 axb4 20. Bc5 Rfe8 21. Kf1
f5 22. exd5 Nxd5 23. Nd3 Ra5 24. Bxb4 Nxb4 25. Nxb4 Bxb2 26. Rd7 Bxb3 27. cxb3
c5 28. Nd5 Ra6 29. Kg2 Rd6 30. Rxd6 cxd6 31. Rd1 Kf7 32. Nb6 Bd4 33. Kf3 Rb8
34. a5 Bc3 35. Nc4 Rxb3 36. Rd3 d5 37. Nd2 Ra3 38. Nb1 c4 39. Nxa3 cxd3 40. a6
Bd4 41. Nb5 d2 42. Ke2 Bxf2 43. a7 Bxa7 44. Nxa7 g5 45. Kxd2 f4 46. gxf4 gxh4
47. Ke3 h3 48. Kf3 Kf6 1/2-1/2

[Event "LXII C.to Italiano"]
[Site "Montecatini Terme ITA"]
[Date "2002.11.23"]
[Round "4"]
[White "De Santis, Alessio"]
[Black "Collutiis, Duilio"]
[Result "1/2-1/2"]
[WhiteElo "2267"]
[BlackElo "2332"]
[PlyCount "54"]
[EventDate "2002.11.20"]

1. d4 Nf6 2. c4 c5 3. d5 b5 4. cxb5 a6 5. f3 g6 6. e4 Bg7 7. Nc3 O-O 8. a4 e6
9. dxe6 fxe6 10. Qd6 axb5 11. Bxb5 Na6 12. Nge2 Rf7 13. Bg5 h6 14. Be3 Kh7 15.
Rd1 Bb7 16. O-O Bf8 17. Qd3 Nc7 18. Nf4 Rg7 19. Bc4 Qe8 20. e5 Nfd5 21. Bxd5
exd5 22. Nfxd5 Nxd5 23. Nxd5 Qxe5 24. Rfe1 Bxd5 25. Qxd5 Qxd5 26. Rxd5 d6 27.
b3 Rb7 1/2-1/2

[Event "LXII C.to Italiano"]
[Site "Montecatini Terme ITA"]
[Date "2002.11.23"]
[Round "4"]
[White "Di Paolo, Raffaele"]
[Black "Belotti, Bruno"]
[Result "0-1"]
[WhiteElo "2340"]
[BlackElo "2419"]
[PlyCount "48"]
[EventDate "2002.11.20"]

1. e4 c5 2. Nf3 e6 3. d4 cxd4 4. Nxd4 Nf6 5. Nc3 d6 6. Be3 a6 7. a4 b6 8. Bd3
Bb7 9. O-O Nbd7 10. f4 g6 11. Qf3 Bg7 12. Qh3 Nc5 13. Rae1 O-O 14. f5 exf5 15.
exf5 Nxd3 16. cxd3 Re8 17. Bh6 Bh8 18. Bg5 Rxe1 19. Rxe1 Qd7 20. Qh4 Re8 21.
Rf1 Nd5 22. Nxd5 Bxd5 23. f6 Re5 24. Rc1 h6 0-1

[Event "LXII C.to Italiano"]
[Site "Montecatini Terme ITA"]
[Date "2002.11.23"]
[Round "4"]
[White "Manca, Federico"]
[Black "Lanzani, Mario"]
[Result "1/2-1/2"]
[WhiteElo "2349"]
[BlackElo "2350"]
[PlyCount "29"]
[EventDate "2002.11.20"]

1. e4 e5 2. Nf3 Nc6 3. Nc3 Nf6 4. d4 exd4 5. Nxd4 Bb4 6. Nxc6 bxc6 7. Bd3 O-O
8. O-O d5 9. exd5 cxd5 10. Bg5 c6 11. Na4 Bd6 12. c3 Bc7 13. Qf3 Qd6 14. Qg3
Qxg3 15. hxg3 1/2-1/2

[Event "LXII C.to Italiano"]
[Site "Montecatini Terme ITA"]
[Date "2002.11.23"]
[Round "4"]
[White "Vezzosi, Paolo"]
[Black "Mantovani, Renzo"]
[Result "1-0"]
[WhiteElo "2394"]
[BlackElo "2359"]
[PlyCount "121"]
[EventDate "2002.11.20"]

1. d4 Nf6 2. c4 e6 3. Nf3 b6 4. e3 Bb7 5. Bd3 d5 6. cxd5 exd5 7. Nc3 a6 8. O-O
Nbd7 9. b3 Bd6 10. Bb2 O-O 11. Rc1 Qe7 12. Rc2 Ne4 13. Ne2 f5 14. Ng3 Rf7 15.
Qe2 g5 16. Nd2 c6 17. Rfc1 a5 18. Ndf1 Raf8 19. Nxf5 Rxf5 20. f3 b5 21. a4 g4
22. fxe4 dxe4 23. Qxg4+ Rg5 24. Qxe4 Qf7 25. Qh4 Rg7 26. axb5 cxb5 27. Be4 Bxe4
28. Qxe4 Qxb3 29. d5 Rg6 30. Bd4 b4 31. Nd2 Qa4 32. Nc4 b3 33. Nb2 Qb5 34. Rc4
Nb6 35. Bxb6 Qxb6 36. Rc8 Qb4 37. Rxf8+ Bxf8 38. Qxb4 Bxb4 39. Nd3 Bd2 40. Rc8+
Kg7 41. Kf2 Rb6 42. Rc6 Rb5 43. d6 Kf7 44. Ke2 b2 45. d7 Ke7 46. Nxb2 Rxb2 47.
d8=Q+ Kxd8 48. Rd6+ Ke7 49. Rxd2 Rxd2+ 50. Kxd2 Ke6 51. g4 Ke5 52. Kd3 a4 53.
h4 a3 54. Kc3 Ke4 55. h5 Ke5 56. Kb3 Kf6 57. e4 Kg5 58. e5 Kh6 59. Kxa3 Kg7 60.
Kb4 Kf7 61. Kc5 1-0

[Event "LXII C.to Italiano"]
[Site "Montecatini Terme ITA"]
[Date "2002.11.24"]
[Round "5"]
[White "Bellia, Fabrizio"]
[Black "De Santis, Alessio"]
[Result "1/2-1/2"]
[WhiteElo "2410"]
[BlackElo "2267"]
[PlyCount "94"]
[EventDate "2002.11.20"]

1. e4 e6 2. d4 d5 3. Nd2 Nf6 4. e5 Nfd7 5. Bd3 c5 6. c3 Nc6 7. Ne2 cxd4 8. cxd4
f6 9. exf6 Qxf6 10. Nf3 h6 11. O-O Bd6 12. Be3 O-O 13. Rc1 Rd8 14. Bb5 Ndb8 15.
Qd2 a6 16. Ba4 Bd7 17. Bc2 Be8 18. Bf4 Bxf4 19. Nxf4 Nd7 20. Qe3 Nf8 21. Rfe1
Rac8 22. a3 Bf7 23. b4 Re8 24. Bb3 Ne7 25. Ne5 Nf5 26. Qd2 Nd6 27. f3 Qg5 28.
g3 b5 29. Rc5 Qf6 30. a4 g5 31. Nfd3 Bg6 32. Rxc8 Rxc8 33. Nc5 Nc4 34. Bxc4
dxc4 35. axb5 axb5 36. d5 exd5 37. Qxd5+ Bf7 38. Nxf7 Qxf7 39. Qd6 Re8 40. Ne4
Re6 41. Qd1 Qe7 42. Qb1 Ng6 43. Kg2 Ne5 44. Nc5 Rd6 45. Qe4 Rd2+ 46. Kf1 Qf6
47. Re3 Ng6 1/2-1/2

[Event "LXII C.to Italiano"]
[Site "Montecatini Terme ITA"]
[Date "2002.11.24"]
[Round "5"]
[White "Belotti, Bruno"]
[Black "Manca, Federico"]
[Result "1/2-1/2"]
[WhiteElo "2419"]
[BlackElo "2349"]
[PlyCount "25"]
[EventDate "2002.11.20"]

1. e4 e5 2. Nf3 Nf6 3. Nxe5 d6 4. Nf3 Nxe4 5. d4 d5 6. Bd3 Be7 7. O-O Nc6 8. c4
Nb4 9. Be2 O-O 10. Nc3 Nxc3 11. bxc3 Nc6 12. cxd5 Qxd5 13. Bf4 1/2-1/2

[Event "LXII C.to Italiano"]
[Site "Montecatini Terme ITA"]
[Date "2002.11.24"]
[Round "5"]
[White "Collutiis, Duilio"]
[Black "Di Paolo, Raffaele"]
[Result "1-0"]
[WhiteElo "2332"]
[BlackElo "2340"]
[PlyCount "45"]
[EventDate "2002.11.20"]

1. Nf3 d6 2. e4 Nf6 3. Nc3 g6 4. d4 Bg7 5. Be3 O-O 6. Qd2 c6 7. Bh6 b5 8. Bd3
Nbd7 9. a4 b4 10. Ne2 c5 11. Bxg7 Kxg7 12. e5 Ne8 13. Be4 Rb8 14. Nf4 e6 15. h4
dxe5 16. dxe5 Qc7 17. h5 Nxe5 18. hxg6 hxg6 19. Nxg6 fxg6 20. Qh6+ Kf7 21.
Nxe5+ Qxe5 22. Qxg6+ Ke7 23. Rh7+ 1-0

[Event "LXII C.to Italiano"]
[Site "Montecatini Terme ITA"]
[Date "2002.11.24"]
[Round "5"]
[White "Genocchio, Daniele"]
[Black "Vezzosi, Paolo"]
[Result "1-0"]
[WhiteElo "2345"]
[BlackElo "2394"]
[PlyCount "65"]
[EventDate "2002.11.20"]

1. e4 g6 2. Nc3 Bg7 3. Bc4 d6 4. d4 Nf6 5. Qe2 Nc6 6. e5 Nxd4 7. exf6 Nxe2 8.
fxg7 Rg8 9. Ngxe2 Rxg7 10. Bh6 Rg8 11. h4 Be6 12. Bxe6 fxe6 13. O-O-O Qd7 14.
Rhe1 O-O-O 15. Nf4 e5 16. Rxe5 Qg4 17. f3 Qxh4 18. Bg5 Qh2 19. Ree1 h6 20. Rh1
Qxh1 21. Rxh1 hxg5 22. Ne6 Rh8 23. Re1 Rd7 24. Ne4 g4 25. fxg4 b5 26. Rf1 Rh4
27. Rf4 Kb7 28. g5 Rxf4 29. Nxf4 e5 30. Nxg6 Rg7 31. Nh4 d5 32. Nf5 Rg6 33. Ne7
1-0

[Event "LXII C.to Italiano"]
[Site "Montecatini Terme ITA"]
[Date "2002.11.24"]
[Round "5"]
[White "Lanzani, Mario"]
[Black "Buchicchio, Giampaolo"]
[Result "1/2-1/2"]
[WhiteElo "2350"]
[BlackElo "2245"]
[PlyCount "65"]
[EventDate "2002.11.20"]

1. d4 d5 2. c4 c6 3. Nc3 Nf6 4. Nf3 a6 5. cxd5 cxd5 6. Bf4 Nc6 7. e3 Bg4 8. h3
Bxf3 9. Qxf3 e6 10. Bd3 h6 11. O-O Bd6 12. Rac1 Qc7 13. Bxd6 Qxd6 14. a3 O-O
15. Na4 Rac8 16. Qe2 Nd7 17. b4 a5 18. b5 Ne7 19. Qb2 b6 20. Rfd1 Rxc1 21. Rxc1
Rc8 22. Rxc8+ Nxc8 23. Qc3 Ne7 24. Bb1 Qb8 25. h4 Qc8 26. e4 Qxc3 27. Nxc3 Nf6
28. e5 Nd7 29. h5 g6 30. g4 gxh5 31. gxh5 Kf8 32. Kg2 f5 33. f4 1/2-1/2

[Event "LXII C.to Italiano"]
[Site "Montecatini Terme ITA"]
[Date "2002.11.24"]
[Round "5"]
[White "Mantovani, Renzo"]
[Black "Braga, Fernando Alberto"]
[Result "1/2-1/2"]
[WhiteElo "2359"]
[BlackElo "2434"]
[PlyCount "66"]
[EventDate "2002.11.20"]

1. e4 c5 2. Nf3 Nc6 3. d4 cxd4 4. Nxd4 g6 5. c4 Nf6 6. Nc3 d6 7. f3 Nxd4 8.
Qxd4 Bg7 9. Bg5 O-O 10. Qd2 Be6 11. Rc1 Qa5 12. b3 Rfc8 13. Be2 a6 14. Nd5
Qxd2+ 15. Kxd2 Nxd5 16. cxd5 Bd7 17. h4 Kf8 18. Be3 Bb2 19. Rc2 Rxc2+ 20. Kxc2
Bf6 21. Bh6+ Ke8 22. Bg5 Rc8+ 23. Kb1 Bc3 24. h5 f6 25. Bc1 g5 26. Bb2 h6 27.
g4 Bd2 28. Rd1 Bf4 29. Rd3 Be5 30. Bxe5 fxe5 31. Kb2 Kd8 32. Rc3 Rxc3 33. Kxc3
Kc7 1/2-1/2

[Event "LXII C.to Italiano"]
[Site "Montecatini Terme ITA"]
[Date "2002.11.25"]
[Round "6"]
[White "Belotti, Bruno"]
[Black "Collutiis, Duilio"]
[Result "0-1"]
[WhiteElo "2419"]
[BlackElo "2332"]
[PlyCount "88"]
[EventDate "2002.11.20"]

1. e4 c5 2. Nf3 Nc6 3. d4 cxd4 4. Nxd4 Qc7 5. Nc3 e6 6. Be2 a6 7. O-O Nf6 8.
Kh1 Nxd4 9. Qxd4 Bc5 10. Qd3 b5 11. f4 Bb7 12. Bf3 h5 13. e5 Ng4 14. Bxb7 Qxb7
15. Ne4 Rc8 16. Bd2 Be7 17. c3 Nh6 18. Qf3 Qc6 19. Rfd1 h4 20. Be1 Nf5 21. Rd3
f6 22. Bf2 fxe5 23. fxe5 O-O 24. Qe2 Rf7 25. Rad1 Rcf8 26. Kg1 Qc7 27. Rxd7
Qxe5 28. Qd3 h3 29. Re1 Nh4 30. Bxh4 Bxh4 31. Rxf7 Rxf7 32. g3 Be7 33. Rf1 Bc5+
34. Nxc5 Qxc5+ 35. Qd4 Qxd4+ 36. cxd4 Rc7 37. b3 Rc3 38. Rf4 Rd3 39. Re4 Rd1+
40. Kf2 Rh1 41. Rxe6 Rxh2+ 42. Kg1 Rxa2 43. Kh1 Kf7 44. Rb6 Rg2 0-1

[Event "LXII C.to Italiano"]
[Site "Montecatini Terme ITA"]
[Date "2002.11.25"]
[Round "6"]
[White "Braga, Fernando Alberto"]
[Black "Genocchio, Daniele"]
[Result "1-0"]
[WhiteElo "2434"]
[BlackElo "2345"]
[PlyCount "135"]
[EventDate "2002.11.20"]

1. c4 e5 2. g3 Nc6 3. Bg2 g6 4. Nc3 Bg7 5. e3 d6 6. Nge2 Bd7 7. d4 Nf6 8. b3
O-O 9. O-O Qc8 10. Re1 Bh3 11. Bh1 h5 12. Nd5 Nh7 13. Bb2 Re8 14. dxe5 dxe5 15.
b4 Nd8 16. Qc2 c6 17. Ndc3 Ng5 18. f4 exf4 19. Nxf4 Bf5 20. Qd2 Nde6 21. Nce2
Ne4 22. Qc1 c5 23. Bxg7 Kxg7 24. Nc3 Nxc3 25. Qxc3+ Kh6 26. b5 Ng5 27. Bd5 Be4
28. Rf1 Qg4 29. Bxe4 Rxe4 30. Rac1 h4 31. Kh1 hxg3 32. Rc2 Nf3 33. h3 g2+ 34.
Rxg2 Qd7 35. Qf6 Ne5 36. Rg5 Rxf4 37. Qxf4 Qxh3+ 38. Kg1 Nd3 39. Qg3 Qxg3+ 40.
Rxg3 Ne5 41. Rd1 Rc8 42. e4 Rc7 43. Rd5 f6 44. Rd6 Kg7 45. Rc3 Kf7 46. Rd8 b6
47. Rh3 Ke6 48. Re8+ Kd6 49. Ra3 Rh7 50. Rd8+ Ke6 51. Ra8 Nxc4 52. R3xa7 Rh3
53. Re8+ Kd6 54. Rae7 Rf3 55. Re6+ Kd7 56. R8e7+ Kd8 57. Ra7 Ra3 58. Rh7 Rxa2
59. Rxf6 Ra1+ 60. Kh2 Ke8 61. Rc6 Ra2+ 62. Kh3 Ra3+ 63. Kh4 g5+ 64. Kxg5 Kd8
65. Kf5 Rg3 66. Ra7 Rh3 67. Rg6 Rh5+ 68. Kg4 1-0

[Event "LXII C.to Italiano"]
[Site "Montecatini Terme ITA"]
[Date "2002.11.25"]
[Round "6"]
[White "Di Paolo, Raffaele"]
[Black "Bellia, Fabrizio"]
[Result "0-1"]
[WhiteElo "2340"]
[BlackElo "2410"]
[PlyCount "78"]
[EventDate "2002.11.20"]

1. e4 c6 2. c4 d5 3. exd5 cxd5 4. cxd5 Nf6 5. Nc3 Nxd5 6. Nf3 Nc6 7. d4 e6 8.
Bd3 Bb4 9. Bd2 O-O 10. O-O Be7 11. Ne4 Ndb4 12. Bxb4 Nxb4 13. Bb1 b6 14. a3 Nd5
15. Ne5 Bb7 16. Qd2 Rc8 17. Bd3 f6 18. Nf3 f5 19. Neg5 Bxg5 20. Nxg5 Qd6 21.
Nh3 Nc7 22. Qb4 Rfd8 23. Bc4 Qc6 24. f3 Rxd4 25. Rac1 Qd7 26. Qb3 Bd5 27. Bxd5
Nxd5 28. Rfe1 h6 29. Nf2 Rxc1 30. Rxc1 Nf4 31. Qe3 Kh7 32. h4 Qd6 33. Rc2 e5
34. Rc1 Qg6 35. g4 fxg4 36. fxg4 Nd3 37. h5 Rxg4+ 38. Nxg4 Qxg4+ 39. Kf1 Nxc1
0-1

[Event "LXII C.to Italiano"]
[Site "Montecatini Terme ITA"]
[Date "2002.11.25"]
[Round "6"]
[White "Vezzosi, Paolo"]
[Black "Lanzani, Mario"]
[Result "0-1"]
[WhiteElo "2394"]
[BlackElo "2350"]
[PlyCount "82"]
[EventDate "2002.11.20"]

1. d4 d5 2. Nf3 Nf6 3. c4 e6 4. Nc3 Be7 5. cxd5 exd5 6. Bg5 c6 7. Qc2 g6 8. e3
Bf5 9. Bd3 Bxd3 10. Qxd3 Nbd7 11. O-O O-O 12. Rad1 Re8 13. Bf4 Nh5 14. Bh6 Nhf6
15. h3 Bd6 16. Nd2 Qe7 17. Bg5 Qe6 18. Ne2 Ne4 19. Bf4 Nxd2 20. Rxd2 Nf6 21.
Rc2 Ne4 22. b4 a6 23. Rb1 Qe7 24. Bxd6 Nxd6 25. Nf4 g5 26. Ne2 f5 27. a4 Qf7
28. Nc3 b5 29. Ra2 Ra7 30. axb5 axb5 31. Rxa7 Qxa7 32. Qd1 Qf7 33. Ra1 f4 34.
exf4 Qxf4 35. Ra6 Rf8 36. Rxc6 Qxf2+ 37. Kh1 Re8 38. Qf3 Re1+ 39. Kh2 Qg1+ 40.
Kg3 Re3 41. Rxd6 Qe1+ 0-1

[Event "LXII C.to Italiano"]
[Site "Montecatini Terme ITA"]
[Date "2002.11.26"]
[Round "7"]
[White "Bellia, Fabrizio"]
[Black "Belotti, Bruno"]
[Result "1/2-1/2"]
[WhiteElo "2410"]
[BlackElo "2419"]
[PlyCount "29"]
[EventDate "2002.11.20"]

1. c4 c5 2. Nf3 Nf6 3. g3 b6 4. Bg2 Bb7 5. O-O e6 6. Nc3 Be7 7. d4 cxd4 8. Qxd4
d6 9. Rd1 a6 10. b3 Nbd7 11. Bb2 O-O 12. h3 Qc7 13. e4 Rac8 14. Rac1 Rfe8 15.
Qe3 1/2-1/2

[Event "LXII C.to Italiano"]
[Site "Montecatini Terme ITA"]
[Date "2002.11.26"]
[Round "7"]
[White "Buchicchio, Giampaolo"]
[Black "Vezzosi, Paolo"]
[Result "1/2-1/2"]
[WhiteElo "2245"]
[BlackElo "2394"]
[PlyCount "47"]
[EventDate "2002.11.20"]

1. e4 c6 2. Nc3 g6 3. d4 d5 4. Nf3 Bg7 5. h3 dxe4 6. Nxe4 Nd7 7. Bd3 Ngf6 8.
O-O O-O 9. Bg5 Qb6 10. b3 Nxe4 11. Bxe4 Nf6 12. Bd3 c5 13. dxc5 Qxc5 14. Re1 b6
15. Be3 Qa3 16. Bc1 Qd6 17. a4 Re8 18. Bb5 Bd7 19. Qxd6 exd6 20. Bxd7 Rxe1+ 21.
Nxe1 Nxd7 22. Rb1 Bc3 23. Nd3 Re8 24. Bb2 1/2-1/2

[Event "LXII C.to Italiano"]
[Site "Montecatini Terme ITA"]
[Date "2002.11.26"]
[Round "7"]
[White "Collutiis, Duilio"]
[Black "Manca, Federico"]
[Result "1/2-1/2"]
[WhiteElo "2332"]
[BlackElo "2349"]
[PlyCount "23"]
[EventDate "2002.11.20"]

1. e4 e5 2. Nf3 Nf6 3. Nxe5 d6 4. Nf3 Nxe4 5. Nc3 Nxc3 6. dxc3 Be7 7. Bf4 Nd7
8. Qd2 Nf6 9. O-O-O O-O 10. Bd3 d5 11. h3 c5 12. c4 1/2-1/2

[Event "LXII C.to Italiano"]
[Site "Montecatini Terme ITA"]
[Date "2002.11.26"]
[Round "7"]
[White "Genocchio, Daniele"]
[Black "De Santis, Alessio"]
[Result "1/2-1/2"]
[WhiteElo "2345"]
[BlackElo "2267"]
[PlyCount "83"]
[EventDate "2002.11.20"]

1. g3 f5 2. d4 Nf6 3. Bg2 g6 4. Nh3 Bg7 5. c4 d6 6. Nc3 c6 7. d5 O-O 8. Nf4 Qe8
9. O-O Na6 10. Rb1 Nc5 11. b4 Nce4 12. Bb2 e5 13. dxe6 Bxe6 14. Nxe6 Qxe6 15.
Rc1 a6 16. e3 Nxc3 17. Bxc3 Rf7 18. Qd3 Ne4 19. Bxg7 Kxg7 20. Rfd1 Rd8 21. Qd4+
Qf6 22. Kf1 Qxd4 23. Rxd4 Re7 24. g4 Kf6 25. Rcd1 Re6 26. a3 Ke7 27. f3 Nf6 28.
g5 Nh5 29. Kf2 h6 30. h4 Rh8 31. f4 hxg5 32. hxg5 Ng7 33. b5 axb5 34. cxb5 d5
35. bxc6 bxc6 36. Ra4 Rd6 37. Ra7+ Rd7 38. Ra6 Ne6 39. Rxc6 d4 40. Rd3 Rd6 41.
Rxd6 Kxd6 42. a4 1/2-1/2

[Event "LXII C.to Italiano"]
[Site "Montecatini Terme ITA"]
[Date "2002.11.26"]
[Round "7"]
[White "Lanzani, Mario"]
[Black "Braga, Fernando Alberto"]
[Result "1/2-1/2"]
[WhiteElo "2350"]
[BlackElo "2434"]
[PlyCount "37"]
[EventDate "2002.11.20"]

1. d4 Nf6 2. c4 d6 3. Nc3 Nbd7 4. e4 e5 5. d5 Be7 6. Be3 O-O 7. f3 c6 8. Qd2 a6
9. Bd3 cxd5 10. cxd5 b5 11. a3 Bb7 12. Nge2 Qb8 13. Nc1 Bd8 14. Nb3 Bb6 15.
Bxb6 Nxb6 16. Na5 Qc7 17. Rc1 Rac8 18. Na2 Qb8 19. O-O 1/2-1/2

[Event "LXII C.to Italiano"]
[Site "Montecatini Terme ITA"]
[Date "2002.11.26"]
[Round "7"]
[White "Mantovani, Renzo"]
[Black "Di Paolo, Raffaele"]
[Result "1-0"]
[WhiteElo "2359"]
[BlackElo "2340"]
[PlyCount "63"]
[EventDate "2002.11.20"]

1. d4 Nf6 2. Nf3 d6 3. c3 Nbd7 4. Bf4 g6 5. h3 Bg7 6. e3 O-O 7. Be2 Qe8 8. O-O
e5 9. Bh2 b6 10. Bb5 Qe7 11. Bc6 Rb8 12. b4 a6 13. c4 e4 14. Nfd2 Bb7 15. Qa4
Bxc6 16. Qxc6 Rbc8 17. Nc3 Rfe8 18. Rfc1 g5 19. a4 Qe6 20. a5 Nb8 21. Qb7 g4
22. h4 bxa5 23. Rxa5 c6 24. d5 cxd5 25. Nxd5 Nc6 26. Rxa6 Nxd5 27. cxd5 Qxd5
28. Nf1 Ne7 29. Rxc8 Rxc8 30. Qxe7 Rc1 31. Qd8+ Bf8 32. Qg5+ 1-0